[Event "GER-ch U25-C"]
[Site "Willingen"]
[Date "2023.05.30"]
[Round "4"]
[White "Schaefer, Amadeus"]
[Black "Reh, Krispin"]
[Result "1-0"]
[WhiteElo "1274"]
[BlackElo "1083"]
[PlyCount "119"]
[EventDate "2023.05.27"]
[EventType "swiss"]
[EventRounds "9"]
[EventCountry "GER"]
[SourceTitle "CBM 214 Extra"]
[Source "ChessBase"]
[SourceDate "2023.07.31"]
[SourceVersion "1"]
[SourceVersionDate "2023.07.31"]
[SourceQuality "1"]

1. d4 c6 2. c4 d5 3. cxd5 cxd5 4. Nc3 Nf6 5. Bf4 Bf5 6. e3 a6 7. Nf3 e6 8. Qb3 Qd7 9. Na4 Qd8 10. Nb6 Ra7 11. Bxb8 Qxb8 12. Rc1 Qd6 13. a3 Be7 14. Nc8 Qb8 15. Nxa7 Qxa7 16. Be2 0-0 17. 0-0 Bd6 18. Nd2 Qb8 19. g3 Ne4 20. Nxe4 Bxe4 21. Rfe1 g6 22. Bf1 h5 23. Bg2 h4 24. Bxe4 dxe4 25. Kg2 g5 26. Qd1 Kg7 27. Qg4 Kh6 28. Qxe4 Re8 29. Qf3 f5 30. h3 hxg3 31. fxg3 Rg8 32. g4 f4 33. e4 Rf8 34. e5 Bc7 35. Rf1 Bb6 36. Qe4 Qd8 37. Rcd1 Qd7 38. d5 Qb5 39. b4 exd5 40. Rxd5 f3+ 41. Rxf3 Qe8 42. Rxf8 Qxf8 43. Rd6+ Kg7 44. Qg6+ Kh8 45. Qh6+ Qxh6 46. Rxh6+ Kg7 47. Rxb6 Kf7 48. Kg3 a5 49. bxa5 Ke7 50. h4 Kf7 51. a6 bxa6 52. Rxa6 gxh4+ 53. Kxh4 Kg7 54. Rb6 Kf7 55. a4 Kg7 56. a5 Kf7 57. a6 Ke7 58. a7 Kd7 59. a8Q Kc7 60. Qa7+ 1-0

[Event "GER-ch Youth-C"]
[Site "Willingen"]
[Date "2022.06.11"]
[Round "9"]
[White "Wagner, Valentin Thien Phu"]
[Black "Reh, Krispin"]
[Result "0-1"]
[WhiteElo "1043"]
[BlackElo "1006"]
[PlyCount "74"]
[EventDate "2022.06.04"]
[EventType "swiss"]
[EventRounds "9"]
[EventCountry "GER"]
[SourceTitle "CBM 208 Extra"]
[Source "ChessBase"]
[SourceDate "2022.07.31"]
[SourceVersion "1"]
[SourceVersionDate "2022.07.31"]
[SourceQuality "1"]

1. e4 c6 2. d4 d5 3. e5 Bf5 4. Nc3 e6 5. Bd3 Bxd3 6. Qxd3 Nd7 7. Nf3 Bb4 8. b3 Ne7 9. 0-0 0-0 10. Bg5 h6 11. Bxe7 Qxe7 12. h3 Rac8 13. Nh2 c5 14. a3 cxd4 15. axb4 Rxc3 16. Qd2 a6 17. Qxd4 Rxc2 18. Rac1 Rfc8 19. Rxc2 Rxc2 20. Qa7 Nxe5 21. Qb8+ Kh7 22. Qxe5 Qxb4 23. Qe3 Rc3 24. Qe1 g6 25. Qe5 Rxb3 26. Qf6 Kg8 27. Rc1 Rb1 28. Qd8+ Kg7 29. Rf1 a5 30. Ng4 Rxf1+ 31. Kxf1 Qb1+ 32. Ke2 Qe4+ 33. Kf1 Qd3+ 34. Ke1 Qc3+ 35. Kf1 Qc1+ 36. Ke2 Qc2+ 37. Kf1 Qd1# 0-1

[Event "GER-ch Youth-C"]
[Site "Willingen"]
[Date "2022.06.10"]
[Round "8"]
[White "Reh, Krispin"]
[Black "Hildebrand, Azat"]
[Result "1/2-1/2"]
[WhiteElo "1006"]
[BlackElo "1190"]
[PlyCount "143"]
[EventDate "2022.06.04"]
[EventType "swiss"]
[EventRounds "9"]
[EventCountry "GER"]
[SourceTitle "CBM 208 Extra"]
[Source "ChessBase"]
[SourceDate "2022.07.31"]
[SourceVersion "1"]
[SourceVersionDate "2022.07.31"]
[SourceQuality "1"]

1. e4 c5 2. Nc3 e6 3. Bc4 a6 4. Nf3 b5 5. Be2 d6 6. a3 Nd7 7. d3 Bb7 8. 0-0 Ngf6 9. Bg5 Be7 10. d4 cxd4 11. Nxd4 h6 12. Bf4 e5 13. Be3 exd4 14. Bxd4 0-0 15. Bf3 Qc7 16. Re1 Rfd8 17. Qd3 Ne5 18. Qd1 Rac8 19. Re3 Nc4 20. Re2 Nxb2 21. Qc1 Nc4 22. Qf4 Ne5 23. h3 Nxf3+ 24. Qxf3 Qc4 25. Rd1 Nd7 26. Nd5 Bxd5 27. exd5 Bf6 28. Be3 Ne5 29. Qh5 Qh4 30. Qxh4 Bxh4 31. g3 Bg5 32. Bb6 Re8 33. f4 Rb8 34. Bc7 Rbc8 35. Bxd6 Nc4 36. Rf2 Nxd6 37. fxg5 hxg5 38. Rd4 Re5 39. Kg2 Rc5 40. Rfd2 Nf5 41. R4d3 Ne3+ 42. Kf3 Nxc2 43. Kf2 a5 44. d6 Re8 45. d7 Rd8 46. Re2 Kf8 47. h4 gxh4 48. gxh4 b4 49. axb4 Nxb4 50. Rde3 Nd3+ 51. Rxd3 Rc7 52. Rd5 Rcxd7 53. Rh5 g6 54. Rxa5 Rd2 55. Rxd2 Rxd2+ 56. Ke1 Rd4 57. h5 gxh5 58. Rxh5 Kg7 59. Rg5+ Kf6 60. Rg3 Rf4 61. Ke2 Ke5 62. Kd3 f5 63. Rg7 Rd4+ 64. Ke3 Rd8 65. Kf3 Rf8 66. Re7+ Kd6 67. Re2 f4 68. Re4 Rf7 69. Rd4+ Ke5 70. Re4+ Kd5 71. Rxf4 Rxf4+ 72. Kxf4 1/2-1/2